[Event "Hamburg HSK DWZ op 1st"]
[Site "Hamburg"]
[Date "2002.09.28"]
[Round "3"]
[White "Zoeller, Henning"]
[Black "Hadenfeld, Klaus"]
[Result "0-1"]
[WhiteElo "1458"]
[BlackElo "1776"]
[PlyCount "68"]
[EventDate "2002.09.??"]
[EventType "swiss"]
[EventRounds "5"]
[EventCountry "GER"]
[SourceTitle "EXT 2006"]
[Source "ChessBase"]
[SourceDate "2005.11.24"]
[SourceVersion "1"]
[SourceVersionDate "2005.11.24"]
[SourceQuality "1"]

1. e4 c5 2. Nf3 d6 3. d4 cxd4 4. Nxd4 Nf6 5. Nc3 g6 6. f3 Bg7 7. Be3 0-0 8. Qd2 Nc6 9. h3 Bd7 10. 0-0-0 a6 11. h4 h5 12. Be2 Rc8 13. Rdg1 Ne5 14. Qd1 b5 15. g4 b4 16. Nd5 Nxd5 17. exd5 hxg4 18. fxg4 Nc4 19. Bxc4 Rxc4 20. h5 Bxd4 21. Bxd4 g5 22. h6 f6 23. h7+ Kh8 24. Rh5 Qa5 25. Rxg5 Qxa2 26. Qd3 Rcc8 27. Rh1 Qa1+ 28. Kd2 Qxh1 29. Qg6 Qh2+ 30. Ke3 Qg3+ 31. Kd2 Qf4+ 32. Be3 Qh2+ 33. Ke1 Qh1+ 34. Ke2 Bb5+ 0-1

[Event "Lucky op 2nd"]
[Site "Hamburg"]
[Date "1999.10.21"]
[Round "8"]
[White "Wuestefeld, Dietfried"]
[Black "Hadenfeld, Klaus"]
[Result "0-1"]
[WhiteElo "1780"]
[BlackElo "1743"]
[PlyCount "52"]
[EventDate "1999.10.??"]
[EventType "swiss"]
[EventRounds "9"]
[EventCountry "GER"]
[SourceTitle "EXT 2001"]
[Source "ChessBase"]
[SourceDate "2000.11.22"]
[SourceVersion "1"]
[SourceVersionDate "2000.11.22"]
[SourceQuality "1"]

1. e4 c5 2. Nf3 d6 3. b3 Nc6 4. Bb2 e5 5. c3 Nf6 6. Qc2 Bg4 7. Be2 Rc8 8. d3 Be7 9. Na3 0-0 10. h3 Bh5 11. Nc4 b5 12. Ne3 Nd4 13. cxd4 cxd4 14. Nc4 bxc4 15. dxc4 Qa5+ 16. Qd2 Qb6 17. Qd3 Bg6 18. Nd2 d5 19. f3 Bb4 20. cxd5 Nxd5 21. Kf1 Bxd2 22. Qxd2 Rc2 23. Bxd4 exd4 24. Qd3 Rfc8 25. g3 Ne3+ 26. Kg1 R8c3 0-1

[Event "Lucky op 2nd"]
[Site "Hamburg"]
[Date "1999.10.17"]
[Round "3"]
[White "Goetz, Katharina"]
[Black "Hadenfeld, Klaus"]
[Result "0-1"]
[WhiteElo "1544"]
[BlackElo "1743"]
[PlyCount "86"]
[EventDate "1999.10.??"]
[EventType "swiss"]
[EventRounds "9"]
[EventCountry "GER"]
[SourceTitle "EXT 2001"]
[Source "ChessBase"]
[SourceDate "2000.11.22"]
[SourceVersion "1"]
[SourceVersionDate "2000.11.22"]
[SourceQuality "1"]

1. e4 c5 2. Nf3 d6 3. d4 cxd4 4. Nxd4 Nf6 5. Nc3 a6 6. Be2 g6 7. f4 Bg7 8. e5 dxe5 9. fxe5 Nd5 10. e6 fxe6 11. Ne4 0-0 12. Ng5 Qb6 13. c3 Nc6 14. Ngf3 Ne5 15. Nxe5 Bxe5 16. Bf3 Qc7 17. Qb3 Bf4 18. Bxf4 Nxf4 19. 0-0 Rb8 20. Bg4 Qe5 21. Rae1 Qg5 22. Nxe6 Bxe6 23. Bxe6+ Kh8 24. Qc2 Rbd8 25. Qe4 Rf6 26. g3 Rdf8 27. Bd7 Qc5+ 28. Kh1 Nd5 29. Rxf6 Nxf6 30. Qxe7 Qd5+ 31. Kg1 Nxd7 32. Rf1 Rxf1+ 33. Kxf1 Qf5+ 34. Kg2 Kg8 35. Qe8+ Kg7 36. Qe7+ Qf7 37. Qe4 Nf6 38. Qd4 Qd5+ 39. Kf2 Qxd4+ 40. cxd4 Kf7 41. Kf3 Ke6 42. Kf4 h6 43. g4 g5+ 0-1

[Event "Lucky op 2nd"]
[Site "Hamburg"]
[Date "1999.10.16"]
[Round "2"]
[White "Hadenfeld, Klaus"]
[Black "Klingbeil, Gaby"]
[Result "1-0"]
[WhiteElo "1743"]
[BlackElo "1252"]
[PlyCount "109"]
[EventDate "1999.10.??"]
[EventType "swiss"]
[EventRounds "9"]
[EventCountry "GER"]
[SourceTitle "EXT 2001"]
[Source "ChessBase"]
[SourceDate "2000.11.22"]
[SourceVersion "1"]
[SourceVersionDate "2000.11.22"]
[SourceQuality "1"]

1. d4 d5 2. c4 dxc4 3. Nc3 Nf6 4. Nf3 Nc6 5. e3 Na5 6. Qa4+ Nc6 7. Bxc4 Bd7 8. Qc2 Nb4 9. Qb3 e6 10. Ne5 b5 11. Be2 c6 12. Bd2 a5 13. a3 a4 14. Qd1 Nbd5 15. Bf3 Be7 16. Rc1 Nxc3 17. Rxc3 b4 18. Rxc6 Bxc6 19. Bxc6+ Kf8 20. Bxa8 Qxa8 21. 0-0 bxa3 22. bxa3 Bxa3 23. Qc2 Bd6 24. Nc4 Be7 25. Nb6 Qa6 26. Nxa4 g6 27. Nc5 Bxc5 28. Qxc5+ Kg7 29. Qe5 Qd3 30. Bb4 Qe4 31. Qc7 Nd5 32. Qb7 Re8 33. Bd6 Nc3 34. Be5+ Kg8 35. Qd7 Qa8 36. h3 Qc8 37. Qa7 Nd5 38. Rb1 Qa8 39. Qc5 Rc8 40. Qxc8+ Qxc8 41. Rb8 Qxb8 42. Bxb8 Kf8 43. e4 Nb4 44. Bd6+ Ke8 45. Bxb4 Kd7 46. Kf1 Kc6 47. Ke2 Kb5 48. Be7 Kc4 49. Ke3 f5 50. f4 h6 51. Bf8 h5 52. Bg7 Kb5 53. exf5 gxf5 54. Kf3 Kc6 55. Kg3 1-0

[Event "Lucky op 2nd"]
[Site "Hamburg"]
[Date "1999.10.15"]
[Round "1"]
[White "Von Harder, Stephan"]
[Black "Hadenfeld, Klaus"]
[Result "1/2-1/2"]
[WhiteElo "1113"]
[BlackElo "1743"]
[PlyCount "68"]
[EventDate "1999.10.??"]
[EventType "swiss"]
[EventRounds "9"]
[EventCountry "GER"]
[SourceTitle "EXT 2001"]
[Source "ChessBase"]
[SourceDate "2000.11.22"]
[SourceVersion "1"]
[SourceVersionDate "2000.11.22"]
[SourceQuality "1"]

1. e4 c5 2. Nf3 d6 3. Be2 Nc6 4. d3 g6 5. Nc3 Bg7 6. Be3 Nf6 7. h3 0-0 8. 0-0 a6 9. Qd2 b5 10. a3 e6 11. Rab1 Bb7 12. Na2 Rc8 13. b3 a5 14. c4 b4 15. axb4 axb4 16. Nc1 Re8 17. Bd1 Nd7 18. Ne2 Nce5 19. Ng3 d5 20. Nxe5 Bxe5 21. Bc2 Bc3 22. Qc1 dxe4 23. dxe4 Qc7 24. Bd2 Be5 25. Qe1 Red8 26. Rd1 Bd4 27. Be3 Bc3 28. Bd2 Be5 29. Be3 Nf6 30. f4 Bc3 31. Qf2 Nd7 32. e5 f5 33. Ne2 Bb2 34. Ng3 Bc3 1/2-1/2